Principes de geographie humaine / (Record no. 142816)

MARC details
000 -LEADER
campo de control de longitud fija 00686nam a2200193 i 4500
001 - NÚMERO DE CONTROL
campo de control 142816
003 - IDENTIFICADOR DE NÚMERO DE CONTROL
campo de control ES-MaACL
005 - FECHA Y HORA DE LA ÚLTIMA TRANSACCIÓN
campo de control 20250927154527.0
007 - CAMPO FIJO DE DESCRIPCIÓN FÍSICA--INFORMACIÓN GENERAL
campo de control de longitud fija t|
008 - DATOS DE LONGITUD FIJA--INFORMACIÓN GENERAL
campo de control de longitud fija 071010s1922 fr ||||1| fre d
100 1# - ENTRADA PRINCIPAL--NOMBRE DE PERSONA
Nombre de persona Vidal de La Blache, Paul.
9 (RLIN) 114479
245 10 - MENCIÓN DEL TÍTULO
Título Principes de geographie humaine /
Mención de responsabilidad, etc. Paul Vidal de la Blache ; publiés d'aprés les manuscrits de l'auteur par Emmanuel de Martonne.
260 ## - PUBLICACIÓN, DISTRIBUCIÓN, ETC.
Lugar de publicación, distribución, etc. Paris :
Nombre del editor, distribuidor, etc. A. Colin,
Fecha de publicación, distribución, etc. 1922 (
Lugar de fabricación/manufactura Abbeville :
Fabricante F. Paillart)
300 ## - DESCRIPCIÓN FÍSICA
Extensión VIII, 328 p. ;
Dimensiones 24 cm.
650 #7 - PUNTO DE ACCESO ADICIONAL DE MATERIA--TÉRMINO DE MATERIA
Término de materia o nombre geográfico como elemento de entrada Geografía humana
Fuente del encabezamiento o término embne
9 (RLIN) 136176
700 1# - ENTRADA AGREGADA--NOMBRE PERSONAL
Nombre de persona Martonne, Emmanuel de,
Fechas asociadas al nombre 1873-1955
9 (RLIN) 78528
852 ## - LOCALIZACIÓN
Ubicación ES-MaACL
Número de control de estantería B-858
Holdings
Estatus retirado Estado de pérdida Estado de daño No para préstamo Biblioteca de origen Biblioteca actual Ubicación en estantería Fecha de adquisición Fuente de adquisición Total de préstamos Signatura topográfica completa Código de barras Visto por última vez Precio de reemplazo Tipo de ítem Koha
        Biblioteca del Ateneo de Madrid Biblioteca del Ateneo de Madrid Sala Pardo Bazán 17/01/2008     B-858 1148596 23/02/2023 23/02/2023 Libro impreso